[Event "XX C.to Italiano U20"]
[Site "Acqui Terme ITA"]
[Date "2012.07.27"]
[Round "6"]
[White "De Filomeno, Simone"]
[Black "Davi, Alessandro"]
[WhiteElo "2338"]
[BlackElo "2102"]
[Result "1-0"]
[PlyCount "59"]
[EventDate "2012.07.23"]

1. e4 d5 2. exd5 Qxd5 3. Nc3 Qd6 4. d4 c6 5. Bg5 Nf6 6. Qd2 Nbd7 7. O-O-O Nb6
8. Kb1 Bg4 9. f3 Be6 10. Bf4 Qd7 11. Bd3 g6 12. Nge2 Bg7 13. Be5 Nh5 14. g4 Nf6
15. Nf4 Bh6 16. h4 Nfd5 17. g5 f6 18. gxh6 fxe5 19. dxe5 Nxf4 20. Qxf4 Nd5 21.
Nxd5 cxd5 22. Qd4 a6 23. h5 gxh5 24. Rxh5 O-O-O 25. Qb6 Rdf8 26. Rh4 Rxf3 27.
Bxa6 bxa6 28. Rb4 Qc7 29. Qxe6+ Kd8 30. Qxd5+ 1-0

[Event "XX C.to Italiano U20"]
[Site "Acqui Terme ITA"]
[Date "2012.07.27"]
[Round "6"]
[White "Melone, Antonio"]
[Black "Caprio, Guido"]
[WhiteElo "2146"]
[BlackElo "2430"]
[Result "0-1"]
[PlyCount "65"]
[EventDate "2012.07.23"]

1. d4 b6 2. e4 Bb7 3. Bd3 e6 4. Be3 c5 5. c3 cxd4 6. Bxd4 Nf6 7. Nd2 d6 8. Qe2
Nbd7 9. Ngf3 e5 10. Be3 Be7 11. O-O O-O 12. b4 d5 13. exd5 Nxd5 14. Bf5 g6 15.
Bxd7 Qxd7 16. Bh6 Rfe8 17. Rac1 Rac8 18. Rfe1 f6 19. Qd3 Red8 20. a3 Nxc3 21.
Qe3 Nd5 22. Qb3 Kh8 23. Nc4 b5 24. Ncxe5 fxe5 25. Nxe5 Qf5 26. Qb2 Bf6 27. Nf7+
Kg8 28. Nxd8 Rxd8 29. Qe2 a6 30. g4 Qd7 31. g5 Nf4 32. Qe3 Be5 33. Qf3 0-1

[Event "XX C.to Italiano U20"]
[Site "Acqui Terme ITA"]
[Date "2012.07.28"]
[Round "7"]
[White "Caprio, Guido"]
[Black "De Filomeno, Simone"]
[WhiteElo "2430"]
[BlackElo "2338"]
[Result "1/2-1/2"]
[PlyCount "64"]
[EventDate "2012.07.23"]

1. d4 d5 2. c4 e6 3. Nc3 Nf6 4. cxd5 exd5 5. Bg5 Be7 6. e3 c6 7. Bd3 Bg4 8. Qc2
Bh5 9. Nge2 Bg6 10. Nf4 Na6 11. a3 Bxd3 12. Nxd3 Nc7 13. O-O O-O 14. b4 Nfe8
15. Bxe7 Qxe7 16. a4 Nd6 17. b5 cxb5 18. axb5 Ndxb5 19. Nxb5 Nxb5 20. Qb3 Nd6
21. Qxd5 g6 22. Rfb1 Rfc8 23. g3 Rc7 24. Nc5 Rd8 25. Qf3 b6 26. Na6 Rc4 27. Rc1
Rdc8 28. Rxc4 Rxc4 29. Qd5 Kg7 30. Nc5 bxc5 31. dxc5 Qf6 32. Rf1 Qf5 1/2-1/2

[Event "XX C.to Italiano U20"]
[Site "Acqui Terme ITA"]
[Date "2012.07.28"]
[Round "7"]
[White "Davi, Alessandro"]
[Black "Villa, Giorgio"]
[WhiteElo "2102"]
[BlackElo "1949"]
[Result "1-0"]
[PlyCount "53"]
[EventDate "2012.07.23"]

1. d4 d5 2. Nf3 Nf6 3. c4 c6 4. Nbd2 e6 5. g3 Nbd7 6. Qc2 Be7 7. Bg2 b6 8. O-O
Bb7 9. b3 O-O 10. Bb2 c5 11. Rac1 Rc8 12. Qb1 cxd4 13. Nxd4 Bb4 14. Rfd1 Qe7
15. Qa1 Nc5 16. cxd5 Bxd5 17. Bxd5 Nxd5 18. N2f3 Ne4 19. Nc6 Rxc6 20. Rxc6 Bc5
21. Bd4 Qb7 22. Rxc5 bxc5 23. Bxg7 Rc8 24. Qe5 Ndc3 25. Bh6 f5 26. Qxe6+ Kh8
27. Rd7 1-0

[Event "XX C.to Italiano U20"]
[Site "Acqui Terme ITA"]
[Date "2012.07.28"]
[Round "7"]
[White "Paltrinieri, Nicholas"]
[Black "Teutsch, Alexander"]
[WhiteElo "2172"]
[BlackElo "2089"]
[Result "1/2-1/2"]
[PlyCount "26"]
[EventDate "2012.07.23"]

1. e4 d6 2. Nc3 Nf6 3. f4 g6 4. Nf3 Bg7 5. d4 c5 6. Bb5+ Bd7 7. e5 Ng4 8. e6
fxe6 9. Ng5 Bxb5 10. Nxe6 Bxd4 11. Nxd8 Bf2+ 12. Kd2 Be3+ 13. Ke1 Bf2+ 1/2-1/2

[Event "XX C.to Italiano U20"]
[Site "Acqui Terme ITA"]
[Date "2012.07.28"]
[Round "7"]
[White "Rambaldi, Francesco"]
[Black "Boscolo, Federico"]
[WhiteElo "2257"]
[BlackElo "2300"]
[Result "1/2-1/2"]
[PlyCount "190"]
[EventDate "2012.07.23"]

1. e4 c5 2. Nf3 d6 3. Bb5+ Nc6 4. Bxc6+ bxc6 5. O-O Bg4 6. c3 Nf6 7. Re1 e5 8.
h3 Bxf3 9. Qxf3 Be7 10. Na3 O-O 11. Nc2 Rb8 12. d4 cxd4 13. cxd4 Nd7 14. b3 Bf6
15. Bb2 Qa5 16. Bc3 Qa6 17. Qe2 Qxe2 18. Rxe2 Rfd8 19. Rd1 g6 20. Red2 Bg5 21.
Rd3 exd4 22. Rxd4 Be7 23. R4d2 Nb6 24. Ne3 h5 25. Bb4 Nc8 26. Ba5 Nb6 27. Rc2
Rdc8 28. Bb4 c5 29. Ba5 Bf8 30. g3 Re8 31. Nc4 Rxe4 32. Nxd6 Re6 33. Rcd2 Bh6
34. f4 h4 35. Nb5 hxg3 36. Rd8+ Rxd8 37. Rxd8+ Kh7 38. Bc3 Bg7 39. Bxg7 Kxg7
40. Nxa7 Re1+ 41. Kg2 Re2+ 42. Kxg3 Rxa2 43. Rd6 Na8 44. Nb5 Ra5 45. Nc3 Ra3
46. Rc6 Rxb3 47. Rxc5 Nb6 48. Kg2 Nd7 49. Rc7 Nf6 50. Ne2 Nd5 51. Rd7 Ne3+ 52.
Kf2 Nf5 53. Ng1 Rb2+ 54. Ke1 Nh4 55. Kf1 Nf5 56. Nf3 Rb4 57. Ng5 Rxf4+ 58. Kg2
Ne3+ 59. Kg3 Rf6 60. Ne4 Nf5+ 61. Kh2 Ra6 62. Ng5 Ra2+ 63. Kg1 Nh6 64. Ne4 Ra5
65. Kg2 Nf5 66. Rc7 Re5 67. Nf2 Re2 68. Kf3 Re3+ 69. Kg2 Rg3+ 70. Kh2 Rb3 71.
Ng4 Rb2+ 72. Kg1 Rb5 73. Kf2 Nd4 74. Rd7 Ne6 75. Ne3 Rb3 76. h4 Rb4 77. Kg3 Nc5
78. Re7 Ne4+ 79. Kh3 Nf6 80. Nf1 Rb3+ 81. Kg2 Nd5 82. Re4 f5 83. Rd4 Nf6 84.
Nh2 Rb2+ 85. Kh3 Rb3+ 86. Kg2 Rb2+ 87. Kh3 Ne4 88. Nf3 Rf2 89. Ne5 Kh7 90. Rd7+
Kh6 91. Nf7+ Kh5 92. Ne5 Nf6 93. Rf7 Re2 94. Nf3 Re3 95. Kg3 Ne4+ 1/2-1/2

[Event "XX C.to Italiano U20"]
[Site "Acqui Terme ITA"]
[Date "2012.07.28"]
[Round "7"]
[White "Stella, Luca"]
[Black "Bargeri, Ludovico"]
[WhiteElo "2134"]
[BlackElo "1954"]
[Result "1-0"]
[PlyCount "69"]
[EventDate "2012.07.23"]

1. e4 e6 2. Nf3 d5 3. Nc3 Nf6 4. e5 Nfd7 5. d4 c5 6. dxc5 Nc6 7. Bf4 Bxc5 8.
Bd3 f6 9. exf6 Nxf6 10. Qe2 O-O 11. O-O-O a6 12. Ne5 Qe7 13. Kb1 Nxe5 14. Bxe5
Bd7 15. g4 Bc6 16. g5 Nd7 17. Bxh7+ Kxh7 18. Qh5+ Kg8 19. g6 Nf6 20. Bxf6 gxf6
21. g7 Qxg7 22. Rhg1 Rf7 23. Rxg7+ Rxg7 24. f4 Rd8 25. a3 b5 26. Rd3 a5 27. Rg3
b4 28. axb4 axb4 29. Ne2 Bf2 30. Rxg7+ Kxg7 31. f5 exf5 32. Nf4 Rd6 33. Qxf5
Bh4 34. Qg6+ Kf8 35. Qh6+ 1-0

[Event "XX C.to Italiano U20"]
[Site "Acqui Terme ITA"]
[Date "2012.07.28"]
[Round "7"]
[White "Varvaglione, Antonio"]
[Black "Altini, Nicola"]
[WhiteElo "2011"]
[BlackElo "2332"]
[Result "0-1"]
[PlyCount "56"]
[EventDate "2012.07.23"]

1. e4 e5 2. Nf3 Nc6 3. Nc3 Nf6 4. d4 exd4 5. Nxd4 Bb4 6. Nxc6 bxc6 7. Bd3 d5 8.
exd5 cxd5 9. O-O O-O 10. Bg5 c6 11. a3 Bd6 12. Re1 Rb8 13. Rb1 Be6 14. Qf3 Re8
15. Ne2 Bg4 16. Bxf6 Qd7 17. Bf5 Bxf5 18. Bc3 Bxc2 19. Rbc1 Be4 20. Qh5 Re6 21.
Ng3 Rh6 22. Qg5 Rg6 23. Qe3 f5 24. Nxe4 fxe4 25. Bd4 Rf8 26. Rc3 Rf3 27. Qe2
Rxg2+ 28. Kxg2 Qh3+ 0-1

[Event "XX C.to Italiano U20"]
[Site "Acqui Terme ITA"]
[Date "2012.07.29"]
[Round "8"]
[White "Altini, Nicola"]
[Black "Rambaldi, Francesco"]
[WhiteElo "2332"]
[BlackElo "2257"]
[Result "1-0"]
[PlyCount "53"]
[EventDate "2012.07.23"]

1. d4 Nf6 2. c4 e6 3. Nf3 Bb4+ 4. Bd2 a5 5. g3 O-O 6. Bg2 Bxd2+ 7. Qxd2 d6 8.
Nc3 Nc6 9. d5 Ne7 10. dxe6 fxe6 11. O-O b6 12. e4 e5 13. Ne1 Be6 14. b3 a4 15.
Nc2 axb3 16. axb3 Qd7 17. Ne3 Nc6 18. Nb5 Ra5 19. Nd5 Rxb5 20. cxb5 Nd4 21. Qd3
Nxd5 22. exd5 Bf5 23. Qc4 Nxb5 24. f4 Bg6 25. fxe5 dxe5 26. d6+ Bf7 27. Rxf7
1-0

[Event "XX C.to Italiano U20"]
[Site "Acqui Terme ITA"]
[Date "2012.07.29"]
[Round "8"]
[White "Boscolo, Federico"]
[Black "Caprio, Guido"]
[WhiteElo "2300"]
[BlackElo "2430"]
[Result "1-0"]
[PlyCount "109"]
[EventDate "2012.07.23"]

1. e4 c5 2. Nf3 d6 3. Bb5+ Bd7 4. Bxd7+ Qxd7 5. O-O Nf6 6. Qe2 Nc6 7. Rd1 g5 8.
c3 g4 9. Nh4 Qe6 10. d3 d5 11. Bg5 O-O-O 12. Bxf6 Qxf6 13. Qxg4+ e6 14. Nf3 Bh6
15. Nbd2 Rhg8 16. Qh3 Rg6 17. Nf1 dxe4 18. dxe4 Rdg8 19. Ng3 Kc7 20. Qh4 Qxh4
21. Nxh4 Rg4 22. Nf3 Bf4 23. Nh5 Rxg2+ 24. Kf1 R2g6 25. Nxf4 Rf6 26. Nd3 Rxf3
27. Nxc5 Ne5 28. Ke2 Rg2 29. Rf1 Rxh2 30. Rad1 Rf4 31. Ke3 Rf3+ 32. Ke2 b6 33.
Nd3 Rxd3 34. Rxd3 Nxd3 35. Kxd3 Kd6 36. a4 Rh3+ 37. Kd4 e5+ 38. Kc4 Rh4 39. f3
f5 40. Kb5 fxe4 41. fxe4 Rxe4 42. Rf7 h5 43. Rxa7 Re2 44. b4 Rc2 45. Rh7 Rxc3
46. Rxh5 Rb3 47. Rh6+ Kd5 48. Rxb6 e4 49. Rb8 e3 50. Re8 Kd4 51. a5 Kd3 52. a6
e2 53. a7 Ra3 54. Kb6 Kd2 55. b5 1-0

[Event "XX C.to Italiano U20"]
[Site "Acqui Terme ITA"]
[Date "2012.07.29"]
[Round "8"]
[White "Davi, Alessandro"]
[Black "Gonella, Daniele"]
[WhiteElo "2102"]
[BlackElo "2121"]
[Result "1/2-1/2"]
[PlyCount "102"]
[EventDate "2012.07.23"]

1. d4 d5 2. Nf3 Nf6 3. g3 g6 4. Bg2 Bg7 5. Nbd2 O-O 6. O-O Nc6 7. e3 Re8 8. Ne5
Nxe5 9. dxe5 Ng4 10. Nf3 c6 11. b4 Nxe5 12. Nxe5 Bxe5 13. Rb1 a6 14. a4 Be6 15.
Bb2 Bxb2 16. Rxb2 Qd6 17. h4 Qe5 18. Qd4 Qxd4 19. exd4 Bf5 20. Re1 f6 21. f4 e6
22. Bf3 h5 23. Re3 Kf7 24. c3 Ke7 25. c4 dxc4 26. d5 c3 27. d6+ Kxd6 28. Rxc3
e5 29. Rd2+ Kc7 30. b5 axb5 31. axb5 exf4 32. bxc6 Ra1+ 33. Kg2 b5 34. gxf4
Rea8 35. Re3 R1a2 36. Re7+ Kb6 37. Rb7+ Kc5 38. Rf2 Rxf2+ 39. Kxf2 Ra2+ 40. Ke1
Ra3 41. Ke2 Rc3 42. Rb8 Kd6 43. Rxb5 Bd3+ 44. Kd2 Bxb5 45. Kxc3 Bxc6 46. Bd1
Kd5 47. Kd3 Bb5+ 48. Ke3 Kc4 49. Be2+ Kb4 50. Bxb5 Kxb5 51. f5 gxf5 1/2-1/2

[Event "XX C.to Italiano U20"]
[Site "Acqui Terme ITA"]
[Date "2012.07.29"]
[Round "8"]
[White "Morello, Guido"]
[Black "Maurizio, Antonio"]
[WhiteElo "2037"]
[BlackElo "2065"]
[Result "1/2-1/2"]
[PlyCount "32"]
[EventDate "2012.07.23"]

1. e4 c6 2. d4 d5 3. e5 Bf5 4. h4 h5 5. Bg5 Qb6 6. Bd3 Bxd3 7. Qxd3 e6 8. Nd2
Ne7 9. Nb3 Nf5 10. Ne2 a5 11. O-O Qa6 12. Qd1 a4 13. Nbc1 c5 14. c3 cxd4 15.
Nxd4 Nxd4 16. cxd4 Nc6 1/2-1/2